Normal view
MARC view
- Shahzad, Danish.
Entry Personal Name
001 - CONTROL NUMBER
- control field: 54282
003 - CONTROL NUMBER IDENTIFIER
- control field: OSt
005 - DATE AND TIME OF LATEST TRANSACTION
- control field: 20240312091036.0
008 - FIXED-LENGTH DATA ELEMENTS
- fixed length control field: 240312|| aca||aabn | a|a d
040 ## - CATALOGING SOURCE
- Original cataloging agency: OSt
- Transcribing agency: OSt
100 ## - HEADING--PERSONAL NAME
- Personal name: Shahzad, Danish.
- Relator term: author.
670 ## - SOURCE DATA FOUND
- Source citation: Work cat.: (OSt): Shahzad, Danish. author., A high-power-density high-efficiency soft-switched single-phase universal input to 28-V isolated AC-DC converter module designed for paralleled operation /, July 2022.
